01328cam a22003737a 4500003000500000005001700005008004100022010001000063011001000073035001000083040000900093090001000102100005200112245013800164260003800302300002200340500002200362502007600384590002400460590002800484590002800512590002800540590002800568590002900596650002300625650003600648650002500684650004500709901000700754942001000761949003900771999001700810952012700827CHAP20220807210441.0971013s1981 r 00010 d a14701 a15673 a19749 cCHAP aTesis00aHernández Valle, Lourdes Xochiquetzal.954701 0aInducción de síntomas por carencia nutricionales en crisantemo (Chrysanthemum morifolium) por el sistema de cultivo hidropónico aMéxico, D.F. :bEl Autor,c1981 a81 h.b: gráfs. a45 Transparencias aTesis (Biólogo) -- UNAM. Esc. Nal. de Estudios Profesionales Ixtacala aALEPHb10c20130110 aBATCH-UPDb10c20130110 aBATCH-UPDb10c20130110 aBATCH-UPDb10c20130409 aBATCH-UPDb10c20130914 aCONVERSIONb10c2013010914aCrisantemo.92894114aDendranthema morifolium.93176914aHidroponía.95528014aPlantasxDeficiencias nutritivas.988812 aBK cTESIS bBCcTESISd-46070eTESISi19749si c14701d14701 00102local4051708TESISaBCbBCcPA_TESISd2012-12-17fTESISl0oTesisp-46070r2019-12-31 00:00:00w2019-12-31yTESIS